Alphabet braille - Lettres - Statistiques

Statistiques générales
  • Ce quiz a été pris 939 fois
  • Le résultat moyen est 19 sur 26
Statistiques - réponses
Lettre en braille Lettre latine % Correct
A
89%
C
86%
B
85%
E
83%
L
81%
F
80%
I
79%
G
77%
D
75%
M
75%
O
74%
Q
74%
H
73%
J
72%
R
72%
P
71%
S
71%
X
71%
K
70%
T
70%
V
70%
N
69%
U
69%
W
65%
Z
65%
Y
62%
Aucun quiz correspondant
Distribution des résultats
% des personnes avec chaque résultat
Percentile par nombre de réponses
Votre historique - résultats
Vous n’avez pas pris ce quiz